00801nam a2200193Ia 4500003000400000005001700004008004100021020001500062040002100077041000800098082001400106100005200120245007200172250002700244260003600271300002800307520025000335650002200585OSt20250414145721.0191128s1994 ck er 000 j spa d a9580600236 aCO-JMCRcCO-JMCR aspa04aA-NbGARc1 aGarcía Márquez, Gabriel, d1927-2014eautor13aEl coronel no tiene quien le escriba / cGabriel García Márquez aDieciseisava edición04aBogotá : bOveja negra,c1994 a69 páginas ; c19 cm. aEl coronel no tiene quien le escriba fue escrita por Gabriel García Márquez durante su estancia en París, adonde había llegado como corresponsal de prensa y con la secreta intención de estudiar cine, a mediados de los años cincuenta.04aNovela colombiana